Modern biology; (Record no. 8859)
[ view plain ]
| 000 -LEADER | |
|---|---|
| fixed length control field | 00913cam a2200301 a 4500 |
| 001 - CONTROL NUMBER | |
| JCCL Control Number | 8859 |
| 003 - CONTROL NUMBER IDENTIFIER | |
| JCCL marc code | BD-JhCC |
| 005 - DATE AND TIME OF LATEST TRANSACTION | |
| control field | 20180305104108.0 |
| 008 - FIXED-LENGTH DATA ELEMENTS--GENERAL INFORMATION | |
| fixed length control field | 690307s1968 enka 001 0 eng |
| 020 ## - INTERNATIONAL STANDARD BOOK NUMBER | |
| International Standard Book Number | 029817491X |
| 035 ## - SYSTEM CONTROL NUMBER | |
| system control number | (BD-JhCC)8859 |
| 035 ## - SYSTEM CONTROL NUMBER | |
| system control number | 2598411 |
| 040 ## - CATALOGING SOURCE | |
| Original cataloging agency | LC |
| Transcribing agency | LC |
| Modifying agency | VU |
| -- | BD-JhCC |
| 041 1# - LANGUAGE CODE | |
| Language code of Book | engger |
| 050 00 - LIBRARY OF CONGRESS CALL NUMBER | |
| Classification number | QH308 |
| Item number | .B6663 1968b |
| 082 04 - DEWEY DECIMAL CLASSIFICATION NUMBER | |
| Classification number | 574 |
| Author mark and Year | BOG 1968 |
| 100 1# - MAIN ENTRY--PERSONAL NAME | |
| Personal name | Bogen, Hans Joachim, |
| Dates associated with a name | 1912- |
| 240 10 - UNIFORM TITLE | |
| Uniform title | Knaurs Buch der modernen Biologie. |
| 245 10 - TITLE STATEMENT | |
| Title | Modern biology; |
| Statement of responsibility, etc | with a foreword by Adolf Butenandt; translated from the German by Harold Oldroyd. |
| 260 ## - PUBLICATION, DISTRIBUTION, ETC. (IMPRINT) | |
| Place of publication, distribution, etc | London, |
| Name of publisher, distributor, etc | Weidenfeld & Nicolson, |
| Date of publication, distribution, etc | 1968. |
| 300 ## - PHYSICAL DESCRIPTION | |
| Pagination | 336 p. |
| Other physical details | illus. (some col.) |
| Dimensions | 23 cm. |
| 490 1# - SERIES STATEMENT | |
| Series statement | Modern science series |
| 500 ## - GENERAL NOTE | |
| General note | Translation of Knaurs Buch der modernen Biologie. |
| 650 #0 - SUBJECT ADDED ENTRY--TOPICAL TERM | |
| Topical term or geographic name as entry element | Biology. |
| 830 #0 - SERIES ADDED ENTRY--UNIFORM TITLE | |
| Uniform title | Modern science series. |
| 942 ## - ADDED ENTRY ELEMENTS (KOHA) | |
| Source of classification or shelving scheme | Dewey Decimal Classification |
| Koha item type | Books |
| Source of classification or shelving scheme | Damaged status | Not for loan | Home library | Current library | Shelving location | Total Checkouts | Full call number | Barcode | Date last seen | Copy number | Koha item type |
|---|---|---|---|---|---|---|---|---|---|---|---|
| Dewey Decimal Classification | JCC Rouf Library | JCC Rouf Library | General Stacks | 574 BOG 1968 | 11828 | 03/05/2018 | C - 1 | Books |